[Event "Mallorca-ch School U16"]
[Site "Mallorca"]
[Date "2018.02.16"]
[Round "3"]
[White "Westendorf Vidal, Carles"]
[Black "Rosca Morabito, Bogdan"]
[Result "1-0"]
[WhiteElo "1512"]
[BlackElo "1146"]
[PlyCount "68"]
[EventDate "2018.02.02"]
[EventType "swiss"]
[EventRounds "6"]
[EventCountry "ESP"]
[SourceTitle "EXT 2024"]
[Source "ChessBase"]
[SourceDate "2023.10.10"]
[SourceVersion "1"]
[SourceVersionDate "2023.10.10"]
[SourceQuality "1"]

1. e4 e6 2. d4 d5 3. exd5 exd5 4. Nf3 Nf6 5. Bd3 Nc6 6. c3 Be7 7. 0-0 0-0 8. h3 h6 9. Bf4 Bd6 10. Bxd6 Qxd6 11. Nbd2 Re8 12. Qc2 Bd7 13. Rae1 Rxe1 14. Rxe1 Re8 15. Rd1 Qf4 16. b3 a6 17. g3 Qd6 18. Kg2 Qe6 19. Ng1 Ne7 20. c4 Nc6 21. Ndf3 Nb4 22. Qb1 Nxd3 23. Qxd3 Qf5 24. Ne5 Qxd3 25. Rxd3 Bf5 26. Re3 dxc4 27. bxc4 Nd7 28. g4 Nxe5 29. gxf5 f6 30. f4 Rd8 31. dxe5 Rd4 32. a3 Rxc4 33. Nf3 Kf8 34. Kg3 b5 1-0